Die Preiserzèahlung (Record no. 121014)

MARC details
000 -LEADER
campo de control de longitud fija 00916nam a2200193 4500
001 - NÚMERO DE CONTROL
campo de control 121014
003 - IDENTIFICADOR DE NÚMERO DE CONTROL
campo de control ES-MaACL
005 - FECHA Y HORA DE LA ÚLTIMA TRANSACCIÓN
campo de control 20230906191653.0
007 - CAMPO FIJO DE DESCRIPCIÓN FÍSICA--INFORMACIÓN GENERAL
campo de control de longitud fija t|
008 - DATOS DE LONGITUD FIJA--INFORMACIÓN GENERAL
campo de control de longitud fija 070214s1942 gw r ||||1| ger d
245 00 - MENCIÓN DEL TÍTULO
Título Die Preiserzèahlung
Resto del título : neun preisgekrönte Erzèahlungen : novellen.
260 ## - PUBLICACIÓN, DISTRIBUCIÓN, ETC.
Lugar de publicación, distribución, etc. Leipzig :
Nombre del editor, distribuidor, etc. Bernhard Tauchnitz,
Fecha de publicación, distribución, etc. 1942.
300 ## - DESCRIPCIÓN FÍSICA
Extensión 293 p. ;
Dimensiones 19 cm.
490 1# - MENCIÓN DE SERIE
Mención de serie Der deutsche Tauchnitz ;
Designación de volumen o secuencia 126
505 8# - NOTA DE CONTENIDO CON FORMATO
Nota de contenido con formato Contiene: Die Schiffe verbrennen / Friedrich Michael. Der Ruf des Reiches / Hubert Mumelter. Das Doppelschicksal / Carl Haensel. Der Feueruberfall / Georg von der Vring. Die unruhige Wohnung / Erwin Wittstock. Die Nachtwach / Erich Naujoks. Hohwinkel / Werner Bergengruen. Leiningens Kampf mit den Ameisen / C. Stephenson. Der Fischkasten / Eugen Roth
830 0# - PUNTO DE ACCESO ADICIONAL DE SERIE-TÍTULO UNIFORME
Título uniforme Der deutsche Tauchnitz ;
Designación de volumen o secuencia 126
9 (RLIN) 182699
852 ## - LOCALIZACIÓN
Ubicación ES-MaACL
Número de control de estantería F-15723
Sublocalización o colección R.19921
Holdings
Estatus retirado Estado de pérdida Estado de daño No para préstamo Biblioteca de origen Biblioteca actual Ubicación en estantería Fecha de adquisición Fuente de adquisición Total de préstamos Signatura topográfica completa Código de barras Visto por última vez Precio de reemplazo Tipo de ítem Koha
        Biblioteca del Ateneo de Madrid Biblioteca del Ateneo de Madrid Sala Pecera Planta 2 17/01/2008     F-15723 1126124 23/02/2023 23/02/2023 Libro impreso